000 00970cam a22003011a 4500
999 _c232485
_d232485
001 7404632
003 Nust
005 20170219184308.0
008 830302s1878 enk 000 1 eng
010 _a 45049409
020 _a9780140435184
035 _a(OCoLC)9272336
040 _aDLC
_cOU
_dOCoLC
_dDeU
_dDLC
050 0 0 _aPR4747
_b.A1 1878
082 _a823.8
_bHAR
100 1 _aHardy, Thomas,
_d1840-1928.
245 1 4 _aThe return of the native /
_cby Thomas Hardy.
260 _aLondon :
_bSmith, Elder & Co.,
_c1878.
300 _axIv 449 p ;
_c20 cm.
650 0 _aPeople with visual disabilities
_vFiction.
650 0 _aMothers and sons
_vFiction.
650 0 _aMate selection
_vFiction.
650 0 _aHeathlands
_vFiction.
650 0 _aAdultery
_vFiction.
651 0 _aWessex (England)
_vFiction.
655 7 _aDidactic fiction.
_2gsafd
655 7 _aLove stories.
_2gsafd
906 _a7
_bcbc
_coclcrpl
_du
_encip
_f19
_gy-gencatlg
942 _2ddc
_cBK